000
00239nam a2200097Ia 4500
001
1198395
005
20250827021844.0
008
250824s9999 xx 000 0 und d
245
0
_a
220 VOLT
_c
JOSEPH İNCARDONA
260
_b
EVEREST YAYINLARI
999
_c
1198395
_d
1198395